01801nam a2200265 u 45000010006000000050017000060080041000230200015000640350010000790350021000890400013001100410008001230820008001311000048001392450055001872500017002422600042002593000019003015050942003206500033012626500031012959420009013269990017013359520183013529987420260506081526.0960802s1995 spa  a847432470X a99874 a(OCoLC)778243793 ccomduadb aspa 4a15010aNasio, Juan David,d1942-4auteaut931757610aCinco lecciones sobre la teoría de Jacques Lacan a2. edición aBarcelona :bEditorial Gedisa,c1995. a213 páginas. aCONTENIDO : Primera lección: El inconsciente y el goce. -- Primer principio: "El inconsciente está estructurado como un lenguaje". -- Segundo principio: "No hay relación sexual". -- Segunda lección: La existencia del inconsciente. -- ¿Cuándo se puede decir que existe el inconsciente?. -- El inconsciente es una estructura que se actualiza. -- El inconsciente es el desplazamiento del significante entre paciente y analista. -- El sujeto del inconsciente. -- Tercera lección: El concepto de Objeto a. -- La finalidad terapéutica del psicoanálisis. -- El estatuto formal del objeto a. -- El estatuto "corporal" del objeto a. -- El pecho como objeto a. -- Resumen sobre el objeto a, en seis proposiciones desde el ángulo de la tríada necesidad, demanda, deseo. -- Cuarta lección: El fantasma. -- Lo propio del psicoanálisis. -- Clínica del fantasma. -- El cuerpo, un foco de goce. -- Quinta lección: El cuerpo. 7aPsicoanálisis2lemb950288 7aSubconsciencia2lemb94453 cBOOK c90264d90264 00102ddc40708GENaBCbBCd1998-11-06eOtros proveedoresg25500.00iC152433l1o150.195 N254cp61000000147096q2026-04-13r2026-03-11 19:23:00s2026-03-11t1w2023-04-22yBOOK